000 00496nam a22001817a 4500
003 CEME
005 20210628202139.0
008 210225b xxu||||| |||| 00| 0 eng d
020 _a0-07-235644-8
040 _c.
082 _a621.3 KAS
100 _aKasap.S.O
_958451
245 _aPrinciples of electrical engineering material and devices
260 _aNEW YORK
_bMCGRAW HILL
_c2000
300 _aXI,690P
650 _aELECTRICAL ENGINEERING MATERIAL AND DEVICES
_958452
942 _cBK
_2ddc
999 _c568651
_d568651